MDQL
is popping MORE tags! Check the
thread
!
Quizzes
Events
Quiz Creation
Community
Videos
Private Events
Remove Ads
Sign In
Join for FREE
Feedback
Dark Mode
Quiz Categories
Sports
Geography
Music
Movies
Television
Just For Fun
Miscellaneous
History
Literature
Language
Science
Gaming
Entertainment
Religion
Holiday
For Kids
Quiz Lab
Recent
Popular Today
Quiz Kudos Today
Editor Picks
Curator Picks
Quizzes by...
Day
Popularity
Type
Ratings
Length
Year
Community
Subscriptions
Recent Discussions
Orange Saloon
Badges
Playlists
Quests
Create
Leaderboards
Showdown
Live 5
Trivia Bingo
Activity
Puzzle Library
Sporcle Events
Private Events
Virtual Trivia
Globe League
Become a Host
Pub Owners
SporcleCon
Opinionation
Our Games
Videos
Blog
Mobile Apps
Partnerships
Remove Ads and Go Orange
Feedback
Miscellaneous
Crossword
General Knowledge
Baby Names
Logo
Food
Cars
Numbers
Grab Bag
University
College
Popular
Company
Slogans
Restaurants
Justice
Letter
Miscellaneous
Crossword
General Knowledge
Baby Names
Logo
Food
Cars
Numbers
Grab Bag
University
College
Popular
Company
Slogans
Restaurants
Justice
Letter
Random Quiz
Search Sporcle
×
Quiz Lab
Quiz Lab
Miscellaneous
Teaser
Type in answers that appear in a list
Type in answers that appear in a list
Classic
Best Score? Go Orange.
26 Brain Teasers Stats
Can u Answer these Brian Teasers
By
crush009
8m
26 Questions
2,817 Plays
2,817 Plays
2,817 Plays
Comments
Comments
Give Quiz Kudos
Give Quiz Kudos
-
- Ratings
hide this ad
More Info
Forced Order
Answers have to be entered in order
Answers have to be entered in order
Random Order
Randomize order of answers
Randomize order of answers
Replay
Link that replays current quiz
Next Quiz
Link to next quiz in quiz playlist
You Got
0%
They Got
Avg Score
45%
Avg Friend Score
Upgrade to see
Score Distribution
Jump to the score distribution portion of the page
Score
0/26
Timer
08:00
0
Plays Today
Question
Answer
% Correct
How many birthdays does the average man have?
1
74%
If you win a year supply of Calanders how many calanders would you get?
1
69.1%
Do the Mexicans have a 4th of July?
Yes is a date
69%
How many Months hav 28 days?
All 12
67.6%
Suppose there are three men, who are frozen and two of them died. How many left?
None! You were only supposing
64.9%
When Moses made his way onto the ark, how many of each animal did he take with him?
None. Noah was the one who took the animals onto the ark.
63.8%
What came first, the chicken or the egg?
Egg dinosaurs layed eggs way before chickens
62.5%
If a butcher is 6ft what does he weigh?
Meat
61.8%
Whats black and white,and read all over?
News Paper
61.1%
What is at the beginning of eternity, end of space and time, is the beginning to every end and the end to every place?
The letter 'e'
60.3%
If your in a race and u pass second place what place are you in now?
Second place
58.8%
What is light as a feather, but even the strongest man cannot hold it more than a few minutes?
His Breath
58.5%
What letter follows after these, O, T, T, F, F, S, S, E, _
_
?
N for nine
54.2%
Question
Answer
% Correct
Which word when pronounced right is wrong but if pronounced wrong is right?
Wrong
52.1%
If a cowboy comes into town on friday waits 3 days and leaves on friday how is this posible?
The Horses Name Is Friday
50.7%
What is full of holes but still holds water?
Sponge
49%
Its yours but your friends use it more then you do?
Your Name
46.5%
If a boat has 3ft of water along the side if the tide rise 3ft how much water is agianst the Boat?
3ft the boat rises with the water
46.4%
A rooster lays an egg on the top of a barn whitch side dose the egg fall to?
None Roosters dont lay eggs
37.7%
A bat and a ball cost $1.10 the bat cost a dollar more than the ball how much does the ball cost?
$0.05
32.9%
Imagine you are in a sinking rowboat surrounded by sharks. How would you survive?
Stop Imagining
32.1%
How many apples would you have with you if you took two apples from three apples?
Two Apples
31.6%
What dog can jump higher than a building?
all of them buildings cant jump
24.7%
When can u add 11+2 and get 1
On a clock
19.8%
How many bricks does it take to complete a brick building?
One Brick
19.2%
What ends with a 'w' but has no end?
Rainbow
18.3%
Quiz Playlist
Details
Report
Send in Message
Add To Playlist
More Info:
Rate 5 please
Classic:
Type in answers that appear in a list
Forced Order:
Answers have to be entered in order
Random Order:
Randomize order of answers
Last Updated: Feb 16, 2017
Quiz Scoreboard
CHALLENGE
Sign Up to Join the Scoreboard
Show All
Scores
Hide
Comments
May contain spoilers
Recently Published
Colored Red Africa Blitz
by spor1
Geography
30s
Find the 'City' Movie
by crazypaving
Movies
60s
5x2 Blitz: Bands
by SL_Kpop136
Music
30s
More to Explore
Quiz From the Vault
Featured Blog Post
14 Easter Pick-up Lines to Find Eggs With
hide this ad
You Might Also Like...
Tags
brain
Teaser
Today's Top Quizzes in Miscellaneous
Browse Miscellaneous
hide this ad
Today's Top Quizzes in Teaser
Browse Teaser
Top Contributed Quizzes in Miscellaneous
1
The JOE quick-fire general knowledge quiz: Day 174
2
5-to-1: Fast Food
3
9x9 Crossword: Disney Movie Titles
4
9x9 Crossword: Charlie and the Chocolate Factory
5
The JOE quick-fire general knowledge quiz: Day 173
6
9x9 Crossword: 2022 Movies
7
9x9 Crossword: Actors
8
9x9 Crossword: The Simpsons
9
9x9 Crossword: Pixar Movie Titles
10
9x9 Crossword: Flags
Explore More
Trending Topics
Disney
Crossword
Marvel
NBA
Kpop
Harry Potter
Anime
WWE
Soccer
Pokémon
NFL
The Office
Puzzle
Song
Country
hide this ad
More By:
crush009
Quiz
Plays
Rating
Category
Featured
Created
26 Brain Teasers
2,817
2.17
Miscellaneous
Apr 16, 2013
Golf Clubs
352
2.17
Sports
Jun 24, 2012
Rubix Cube Colors
302
3.50
Gaming
Apr 7, 2013
Brand Of Golf
114
2.00
Sports
Jun 24, 2012
Most know Symbols & Logos
105
2.00
Just For Fun
Jun 24, 2012
Go to Creator's Profile
Score Distribution
Quiz Creator Spotlight
crush009
Follow
Send a Message
Quizzes Created
-
Created Quiz Play Count
-
More By This Creator
Popular Quizzes Today
1
Colored Red Africa Blitz
2
Find the US States - No Outlines Minefield
3
Find the 'City' Movie
4
5x2 Blitz: Bands
5
The Countries of the World
6
Find the US States
7
Find the Countries of Europe - No Outlines Minefield
8
US States
More Miscellaneous Quizzes
Restaurants by Sauces
Curator's Pick
Trending Quizzes
Colored Red Europe Blitz I
Colored Red Europe Blitz II
Colored Red Africa Blitz II
Colored Red Europe Blitz III
Colored Red Africa Blitz III
Recently Updated
How Do You Spell That?
pecheneg
Godzilla Movies
pecheneg
Grab Bag: 4-10 Letters
pecheneg
2024 March Madness Bracket
pecheneg
Famous TV Couples
Peacemaker
Champions League XIs: Real Madrid
pecheneg
Largest US Cities 1790-2010
pecheneg
Rides in Walt Disney World
pecheneg
Most Oscar Losses (Acting)
pecheneg
Beyoncé Albums
pecheneg
Trending Topics
Marvel
NBA
Kpop
Crossword
Anime
Disney
Harry Potter
Soccer
Country
The Office
Pokémon
WWE
Puzzle
Song
NFL
Your Account Isn't Verified!
In order to create a playlist on Sporcle, you need to verify the email address you used during registration. Go to your
Sporcle Settings
to finish the process.
Report this User
Report this user for behavior that violates our
Community Guidelines
.
Details:
Send Report
Go to the Sporcle.com Mobile Site →
Comments